| 000 | 00531nam a2200181Ia 4500 | ||
|---|---|---|---|
| 008 | 090123s9999 xx 000 0 und d | ||
| 082 |
_b1613 _a891.463/कानिटकर |
||
| 100 | _aकानिटकर माधव | ||
| 245 | _aदीपकळी | ||
| 250 | _a1 | ||
| 260 | _bमेनका प्रकाशन | ||
| 300 | _a112 | ||
| 600 | _aकानिटकर माधव | ||
| 630 | _aदीपकळी | ||
| 700 | _aकानिटकर माधव | ||
| 730 | _aदीपकळी | ||
| 942 | _cBOOK | ||
| 999 |
_c39696 _d39696 |
||